Primer centenari de Giacomo Leopardi, 1798-1837 / Casal de la Cultura ; [traducció: A. Maseres] A. Maseres]
Descripción Física:
23 p. ; 28 cm
MARC
| LEADER | 00000nam a2200000Ia 4500 | ||
|---|---|---|---|
| 001 | 16351 | ||
| 008 | 160829s1937 xx 000 0 cat d | ||
| 080 | |a Q-277, exp. 103 | ||
| 245 | |a Primer centenari de Giacomo Leopardi, 1798-1837 / Casal de la Cultura ; [traducció: |b A. Maseres] | ||
| 260 | |a Barcelona : |b Casal de la Cultura, |c 1937 | ||
| 300 | |a 23 p. ; |c 28 cm | ||
| 590 | |a Conté: A Silva i Il sabato del villaggio. | ||
| 590 | |a Poemes en català i italià en pàgines encarades. | ||
| 590 | |a Exemplar d'una edició numerada | ||
| 650 | |a Leopardi, Giacomo |x Aniversaris, etc. |9 48224 | ||
| 650 | |a Leopardi, Giacomo. A Silvia |9 48225 | ||
| 650 | |a Leopardi, Giacomo. Il sabato del villaggio |9 48226 | ||
| 700 | |a Casal de la Cultrua (Barcelona) |9 48229 | ||
| 700 | |a Maseras, Alfons, tr. |9 48228 | ||
| 901 | |a Arxiu | ||
| 942 | |n 1 | ||
| 952 | |0 0 |1 0 |4 0 |6 Q277_EXP_103 |7 1 |9 54407 |a Arxiu |b Arxiu |d 2016-12-01 |l 0 |o Q-277, exp. 103 |p 16351 |r 2016-12-01 00:00:00 |w 2016-12-01 |y ARXIU | ||
| 999 | |c 58276 |d 58276 | ||